Los hombres duros no bailan / Norman Mailer

Novela de misterio, gira en torno al fracasado escritor Tim Madden, el cual se ha vuelto adicto al Whisky, a los cigarros y a las damas de compañía, luego de una de sus noches de borrachera, se despertará junto a la escena de un abominable crimen, que hará que su vida cambie para siempre. La obra es...

Ամբողջական նկարագրություն

Պահպանված է:
Մատենագիտական մանրամասներ
Հիմնական հեղինակ: Mailer, Norman
Ձևաչափ: Գիրք
Լեզու:Undetermined
Հրապարակվել է: Barcelona, España Planeta 1984
Խորագրեր:
Ցուցիչներ: Ավելացրեք ցուցիչ
Չկան պիտակներ, Եղեք առաջինը, ով նշում է այս գրառումը!

MARC

LEADER 00000nam a2200000Ia 4500
008 170316s9999 xx 000 0 und d
040 |a cru BVZT 
090 |a 810 M-5h 
100 |a Mailer, Norman 
245 |a Los hombres duros no bailan / Norman Mailer 
260 |a Barcelona, España 
260 |b Planeta 
260 |c 1984 
300 |a 249 páginas 
520 |a Novela de misterio, gira en torno al fracasado escritor Tim Madden, el cual se ha vuelto adicto al Whisky, a los cigarros y a las damas de compañía, luego de una de sus noches de borrachera, se despertará junto a la escena de un abominable crimen, que hará que su vida cambie para siempre. La obra escrita en 1984 por Norman Mailer, trata temas como el machismo, el feminismo, la homosexualidad y la corrupción. 
650 |a LITERATURA ESTADOUNIDENSE  |9 25 
650 |a NOVELA DE MISTERIO 
999 |c 5969  |d 5969 
942 |c 15 D  |h 810 M-5h  |2 z